| 000 | 00910nas a2200313 4500 | ||
|---|---|---|---|
| 001 | BR0803924 | ||
| 003 | BR-BrBNA | ||
| 005 | 20231205112353.0 | ||
| 007 | ta | ||
| 008 | 230509b bl.|||p| |||| 00| 00por d | ||
| 040 |
_aBR-BrBNA _bpor _cBiblioteca Nacional de Agricultura |
||
| 041 | _a(Pt) | ||
| 072 | _aJ11 | ||
| 100 | 1 | _aCastro, A.C.R. de | |
| 100 | 1 | _aLoges, V. | |
| 100 | 1 | _aCosta, A.S. da | |
| 100 | 1 | _aCastro, M.F.A. de | |
| 100 | 1 | _aAragão, F.A.S. de | |
| 100 | 1 | _aWilladino, L.G. | |
| 245 | 1 | _aHastes florais de helicônia sob deficiência de macronutrients | |
| 650 | _aHELICONIA | ||
| 650 | _aFLOR PARA CORTE | ||
| 650 | _aFLORAÇÃO | ||
| 650 | _aPOS-COLHEITA | ||
| 650 | _aQUALIDADE | ||
| 773 | 0 |
_tPesquisa Agropecuária Brasileira (Brazil) _xISSN 0100-204X _g(Sep 2007), v. 42(9) p. 1299-1306 _wBR0803924 |
|
| 909 |
_a202311 _bLúcia _c55 _dLúcia Elande |
||
| 942 |
_2AGRIS _n0 _cANA |
||
| 999 |
_c197678 _d197678 |
||